Vida de Don Manuel Blanco Encalada

Spremljeno u:
Bibliografski detalji
Glavni autor: Villamil Concha, Enrique (Autor)
Format: Knjiga
Jezik:španjolski
Izdano: Santiago Imprenta Universitaria 1919
Izdanje:1a. ed
Teme:
Oznake: Dodaj oznaku
Bez oznaka, Budi prvi tko označuje ovaj zapis!

MARC

LEADER 00000nam a2200000 a 4500
001 UCJ5444
003 CL-VaPUC
008 070124e19190000CL |||||||||||||||||spa|d
082 0 4 |a 923  |b BLA  |2 21 
100 0 |a Villamil Concha, Enrique  |e author  |9 510624 
245 1 0 |a Vida de Don Manuel Blanco Encalada 
250 |a 1a. ed 
300 |a 339 p 
942 |c BK 
945 |d 20070124 00:00:00  |a rinostro 
260 |a Santiago  |b Imprenta Universitaria  |c 1919 
600 0 |a Armada de Chile  |9 340497 
650 7 |a BIOGRAFIA  |2 CL-VaPUC  |9 504622 
650 0 |a Guerra de la independencia   |9 331979 
650 0 |a Genealogía  |9 255285 
650 0 |a Historia de Chile  |9 265473 
583 |a last modification  |c 20070124 00:00:00  |k Rodrigo Vera 
999 |c 321553  |d 321551 
952 |0 0  |1 0  |4 0  |6 923_000000000000000_BLA_1919  |7 0  |8 X  |9 400324  |a FDOBUD  |b FDOBUD  |d 2019-11-22  |i 1034758  |o 923 BLA 1919  |p 1034758  |r 2019-11-22  |w 2019-11-22  |y BK_X  |k BUD